Land vs. Land #101 - Statistiken

Allgemein
  • Dieses Quiz wurde 22 mal gespielt
  • Das Durchschnittsergebnis liegt bei 12 aus 14
Antwortstatistiken
Frage Antwort % Korrekt
...Fläche? Kanada🇨🇦
100%
...HDI (Human Development Index)? Kanada🇨🇦
100%
...durchschnittlicher IQ? Kanada🇨🇦
100%
...Exportmengen? Kanada🇨🇦
100%
...Gewinner? Kanada🇨🇦
100%
...Bruttoinlandsprodukt? Kanada🇨🇦
95%
...Tourismus? Kanada🇨🇦
95%
...Gesundheitswesen? Kanada🇨🇦
95%
...Frieden? Kanada🇨🇦
95%
...Bruttoinlandsprodukt pro Kopf? Kanada🇨🇦
89%
...Lebenserwartung? Kanada🇨🇦
89%
...Einwohner? Myanmar🇲🇲
68%
...Militär? Myanmar🇲🇲
26%
...Happy Planet Index? Myanmar🇲🇲
21%
Keine übereinstimmenden Quizze gefunden
Verteilung der Resultate
Anzahl Personen mit jedem Resultat
Perzentil nach korrekt beantworteten Fragen
Ihre Resultats-Entwicklung
Sie haben dieses Quiz noch nicht gespielt